1944 US Presidential Election Map Click Quiz - Statistics

General Stats
  • This quiz has been taken 13 times
    10 since last reset
  • The average score is 32 of 48
Answer Stats
Hint Answer % Correct
Alabama FDR (Franklin D. Roosevelt)
100%
Delaware FDR (Franklin D. Roosevelt)
100%
Georgia FDR (Franklin D. Roosevelt)
100%
Arkansas FDR (Franklin D. Roosevelt)
89%
California FDR (Franklin D. Roosevelt)
89%
Connecticut FDR (Franklin D. Roosevelt)
89%
Louisiana FDR (Franklin D. Roosevelt)
89%
Mississippi FDR (Franklin D. Roosevelt)
89%
Missouri FDR (Franklin D. Roosevelt)
89%
New Mexico FDR (Franklin D. Roosevelt)
89%
North Carolina FDR (Franklin D. Roosevelt)
89%
Oklahoma FDR (Franklin D. Roosevelt)
89%
Pennsylvania FDR (Franklin D. Roosevelt)
89%
Rhode Island FDR (Franklin D. Roosevelt)
89%
South Carolina FDR (Franklin D. Roosevelt)
89%
South Dakota FDR (Franklin D. Roosevelt)
89%
Texas FDR (Franklin D. Roosevelt)
89%
Utah FDR (Franklin D. Roosevelt)
89%
Washington FDR (Franklin D. Roosevelt)
89%
West Virginia FDR (Franklin D. Roosevelt)
89%
Arizona FDR (Franklin D. Roosevelt)
78%
Florida FDR (Franklin D. Roosevelt)
78%
Illinois FDR (Franklin D. Roosevelt)
78%
Massachusetts FDR (Franklin D. Roosevelt)
78%
Michigan FDR (Franklin D. Roosevelt)
78%
Minnesota FDR (Franklin D. Roosevelt)
78%
Montana FDR (Franklin D. Roosevelt)
78%
Nebraska FDR (Franklin D. Roosevelt)
78%
Nevada FDR (Franklin D. Roosevelt)
78%
New Jersey FDR (Franklin D. Roosevelt)
78%
New York FDR (Franklin D. Roosevelt)
78%
Oregon FDR (Franklin D. Roosevelt)
78%
Tennessee FDR (Franklin D. Roosevelt)
78%
Virginia FDR (Franklin D. Roosevelt)
78%
Maryland FDR (Franklin D. Roosevelt)
67%
New Hampshire FDR (Franklin D. Roosevelt)
67%
Idaho FDR (Franklin D. Roosevelt)
56%
Kentucky FDR (Franklin D. Roosevelt)
44%
Colorado Thomas Dewey
22%
Kansas Thomas Dewey
22%
Iowa Thomas Dewey
11%
Maine Thomas Dewey
11%
Ohio Thomas Dewey
11%
Indiana Thomas Dewey
0%
North Dakota Thomas Dewey
0%
Vermont Thomas Dewey
0%
Wisconsin Thomas Dewey
0%
Wyoming Thomas Dewey
0%
No matching quizzes found
Score Distribution
Percent of People with Each Score
Percentile by Number Answered
Your Score History
You have not taken this quiz since the last reset